Revolution and structural change in latin America a bibliography on ideology, development, and the radical left, 1930 – 1965
Saved in:
| Main Author: | |
|---|---|
| Format: | Book |
| Language: | English |
| Published: |
Calif Stanford University
1970
|
| Tags: |
Add Tag
No Tags, Be the first to tag this record!
|
MARC
| LEADER | 00000nam a22000007a 4500 | ||
|---|---|---|---|
| 008 | 210120b ||||| |||| 00| 0 eng d | ||
| 100 | |a CHILCOTE, Ronald H | ||
| 245 | |a Revolution and structural change in latin America |b a bibliography on ideology, development, and the radical left, 1930 – 1965 |c Ronald H. Chilcote |e Hoover Institution. Bibliographical series |f 40 | ||
| 260 | |b Calif Stanford University |c 1970 |h Stanford |i 81249 – Vol. 1 |i 81250 – Vol. 2 |l F1406.5 .C43 | ||
| 942 | |a lcc |c CR |e Adeyeye Y. S. |f 20/01/2021 | ||
| 952 | |0 0 |1 0 |2 lcc |4 0 |6 F14065 C43 |7 0 |9 1312 |a HOL |b HOL |c AF |d 2021-01-20 |l 0 |o F1406.5 .C43 |p 2021-0125 |r 2021-01-20 00:00:00 |w 2021-01-20 |y CR | ||
| 952 | |0 0 |1 0 |2 lcc |4 0 |6 F14065 C43 |7 0 |9 1313 |a HOL |b HOL |c AF |d 2021-01-20 |l 0 |o F1406.5 .C43 |p 2021-0126 |r 2021-01-20 00:00:00 |w 2021-01-20 |y CR | ||
| 999 | |c 678 |d 678 | ||